Characters By Letter - Statistics

General Stats
  • This quiz has been taken 87 times
  • The average score is 14 of 26
Answer Stats
Picture Answer % Correct
Indiana Jones
97%
Darth Vader
95%
Rocky Balboa
93%
Forrest Gump
92%
Beetlejuice
82%
Gollum
82%
Sherlock Holmes
80%
Ace Ventura
77%
Marty McFly
77%
He-man
75%
Predator
67%
Yogi Bear
66%
Ultron
62%
Conan the Barbarian
54%
Ethan Hunt
51%
Norman Bates
44%
Jack Torrance
41%
Zurg
36%
Khan
33%
Quirrell
28%
Oogie Boogie
25%
Xenophilius Lovegood
21%
Verbal Kint
15%
Terry Benedict
13%
Wadsworth
11%
Leon Kuwata
7%
No matching quizzes found
Score Distribution
Percent of People with Each Score
Percentile by Number Answered
Your Score History
You have not taken this quiz